| 000 | 00596ntm a22002417a 4500 | ||
|---|---|---|---|
| 005 | 20170407142559.0 | ||
| 008 | 170407b xxu||||| |||| 00| 0 spa d | ||
| 020 | _a9786124151057 | ||
| 041 | _aSPA | ||
| 082 | _a658.8 K63e | ||
| 100 |
_aKlaric, Jürgen _942096 |
||
| 245 | _aEstamos ciegos | ||
| 260 | _aPerú | ||
| 260 | _bBiiA International Publishing | ||
| 260 | _c2012 | ||
| 300 | _a248 páginas | ||
| 650 |
_aMARKETING _92507 |
||
| 650 |
_aINNOVACIÓN _91005 |
||
| 650 |
_aCONSUMIDORES _9518 |
||
| 650 |
_aNEUROMARKETING _96331 |
||
| 650 |
_aNEUROINNOVACIÓN _942097 |
||
| 942 | _cBK | ||
| 999 |
_c9249 _d9249 |
||